| 000 | 00428nam a2200157 i 4500 | ||
|---|---|---|---|
| 001 | 29948 | ||
| 003 | ES-MaACL | ||
| 005 | 20230906154120.0 | ||
| 007 | t| | ||
| 008 | 030123s1965 sp ||||1| spa d | ||
| 100 | 1 |
_aBasora Francesh, Marcos. _926298 |
|
| 245 | 1 | 0 |
_aDerecho del trabajo / _cMarcos Basora Francesh. |
| 260 |
_aPamplona : _bAranzadi, _c1965. |
||
| 300 |
_a267 p. ; _c23 cm. |
||
| 852 |
_aES-MaACL _jC-27792 _bR.55761 |
||
| 999 |
_c29948 _d29948 |
||